<?xml version="1.0" encoding="UTF-8"?>
<collection xmlns="http://www.loc.gov/MARC21/slim">
    <record>
        <controlfield tag="001">38009</controlfield>
        <controlfield tag="005">20170831220908.0</controlfield>
        <datafield tag="037" ind1=" " ind2=" ">
            <subfield code="a">GDOC-2013-0801</subfield>
        </datafield>
        <datafield tag="041" ind1=" " ind2=" ">
            <subfield code="a">spa</subfield>
        </datafield>
        <datafield tag="100" ind1=" " ind2=" ">
            <subfield code="0">(orcid)0000-0003-4055-3390</subfield>
            <subfield code="a">López Ruiz, Ricardo</subfield>
        </datafield>
        <datafield tag="245" ind1="0" ind2="0">
            <subfield code="9">26904</subfield>
            <subfield code="a">Informática</subfield>
        </datafield>
        <datafield tag="260" ind1=" " ind2=" ">
            <subfield code="a">Zaragoza</subfield>
            <subfield code="b">Universidad de Zaragoza</subfield>
            <subfield code="c">2013-2014</subfield>
        </datafield>
        <datafield tag="520" ind1=" " ind2=" ">
            <subfield code="a">Si hoy día la Informática tiene una presencia pervasiva en prácticamente todos los ámbitos de la actividad humana, en el ámbito de las ciencias es imprescindible. La Informática está presente en todos los procesos del método científico. En la experimentación, permite la captura y almacenamiento de gran cantidad de datos en tiempo real, y su procesamiento posterior.  Las simulaciones numéricas son esenciales para explorar las propiedades de los modelos teóricos y evaluar las implicaciones de las hipótesis en que se sustentan; también permiten hacer predicciones que, al compararse con las observaciones experimentales, validan o cuestionan el modelo. En esta asignatura el estudiante encontrará una introducción al uso de la Informática para la resolución de problemas de Física, tema en el que profundizará a lo largo del grado.</subfield>
        </datafield>
        <datafield tag="521" ind1=" " ind2=" ">
            <subfield code="9">124</subfield>
            <subfield code="a">Graduado en Física</subfield>
        </datafield>
        <datafield tag="540" ind1=" " ind2=" ">
            <subfield code="a">by-nc-sa</subfield>
            <subfield code="b">Creative Commons</subfield>
            <subfield code="c">3.0</subfield>
            <subfield code="u">http://creativecommons.org/licenses/by-nc-sa/3.0/</subfield>
        </datafield>
        <datafield tag="700" ind1=" " ind2=" ">
            <subfield code="0">(orcid)0000-0002-9531-1586</subfield>
            <subfield code="a">Zapata Abad, María Antonia</subfield>
        </datafield>
        <datafield tag="700" ind1=" " ind2=" ">
            <subfield code="0">(orcid)0000-0002-0048-3036</subfield>
            <subfield code="a">Ciria Cosculluela, José Carlos</subfield>
        </datafield>
        <datafield tag="700" ind1=" " ind2=" ">
            <subfield code="0">(orcid)0000-0003-3944-9748</subfield>
            <subfield code="a">Francés Román, Ángel Ramón</subfield>
        </datafield>
        <datafield tag="830" ind1=" " ind2=" ">
            <subfield code="9">447</subfield>
        </datafield>
        <datafield tag="856" ind1="4" ind2=" ">
            <subfield code="s">83718</subfield>
            <subfield code="u">http://zaguan.unizar.es/record/38009/files/guia.pdf</subfield>
            <subfield code="y">Guía (idioma español)</subfield>
        </datafield>
        <datafield tag="980" ind1=" " ind2=" ">
            <subfield code="a">GDOC</subfield>
            <subfield code="b">Ciencias</subfield>
            <subfield code="c">100</subfield>
        </datafield>
    </record>

    
</collection>